书目信息 |
| 题名: |
中国人工智能创新链产业链技术专利发展研究
|
|
| 作者: | 李慧颖 , 黄蕴华 著 | |
| 分册: | ||
| 出版信息: | 北京 电子工业出版社 2024.06 |
|
| 页数: | 10,208页 | |
| 开本: | 24cm | |
| 丛书名: | 工业信息安全与发展系列丛书 | |
| 单 册: | ||
| 中图分类: | TP18 , G306.72 | |
| 科图分类: | ||
| 主题词: | 人工智能--专利--研究--中国 | |
| 电子资源: | ||
| ISBN: | 978-7-121-48254-0 | |
| 000 | 01359nam0 2200277 450 | |
| 001 | 013054354 | |
| 005 | 20251022150309.80 | |
| 010 | @a978-7-121-48254-0@dCNY98.00 | |
| 100 | @a20240802d2024 em y0chiy0120 ea | |
| 101 | 0 | @achi |
| 102 | @aCN@b110000 | |
| 105 | @aa z 000yy | |
| 106 | @ar | |
| 200 | 1 | @a中国人工智能创新链产业链技术专利发展研究@9zhong guo ren gong zhi neng chuang xin lian chan ye lian ji shu zhuan li fa zhan yan jiu@f李慧颖,黄蕴华著 |
| 210 | @a北京@c电子工业出版社@d2024.06 | |
| 215 | @a10,208页@c彩图@d24cm | |
| 225 | 1 | @a工业信息安全与发展系列丛书 |
| 330 | @a本书沿着创新链、产业链这一主线,对我国人工智能专利进行了研究。上篇聚焦人工智能创新链,分别从人工智能基础通用技术、关键领域技术、支撑技术方面描绘我国人工智能技术创新的全貌,并构建高价值专利评估体系,解析人工智能创新的趋势动向;下篇聚焦人工智能产业链,围绕智慧城市、智慧交通、智慧医疗等七大应用场景展开研究,并对元宇宙和数字人两个新兴领域进行了专利分析,采用定性与定量相结合的方法展现了我国人工智能产业应用的全貌;最后,围绕创新链、产业链融合,从专利视角进行了总结和展望。 | |
| 461 | 0 | @12001 @a工业信息安全与发展系列丛书 |
| 606 | 0 | @a人工智能@x专利@x研究@y中国 |
| 690 | @aTP18@v5 | |
| 690 | @aG306.72@v5 | |
| 701 | 0 | @a李慧颖@9li hui ying@4著 |
| 701 | 0 | @a黄蕴华@9huang yun hua@4著 |
| 801 | 0 | @aCN@c20250909 |
| 905 | @a河南城建学院图书馆@dTP18@eL178@ZL178@f1 | |
| 中国人工智能创新链产业链技术专利发展研究/李慧颖,黄蕴华著.-北京:电子工业出版社,2024.06 |
| 10,208页:彩图;24cm.-(工业信息安全与发展系列丛书) |
| ISBN 978-7-121-48254-0:CNY98.00 |
| 本书沿着创新链、产业链这一主线,对我国人工智能专利进行了研究。上篇聚焦人工智能创新链,分别从人工智能基础通用技术、关键领域技术、支撑技术方面描绘我国人工智能技术创新的全貌,并构建高价值专利评估体系,解析人工智能创新的趋势动向;下篇聚焦人工智能产业链,围绕智慧城市、智慧交通、智慧医疗等七大应用场景展开研究,并对元宇宙和数字人两个新兴领域进行了专利分析,采用定性与定量相结合的方法展现了我国人工智能产业应用的全貌;最后,围绕创新链、产业链融合,从专利视角进行了总结和展望。 |
| ● |
| 相关链接 |
|
|
|
正题名:中国人工智能创新链产业链技术专利发展研究
索取号:TP18/L178
 
预约/预借
| 序号 | 登录号 | 条形码 | 馆藏地/架位号 | 状态 | 备注 |
| 1 | 1632862 | 216328622 | 自科库301/ [索取号:TP18/L178] | 在馆 |